Mistrzowie NBA od 2000 roku – nagła śmierć - Statystyki

Ogólne statystyki
  • Ten quiz został rozwiązany 159 razy
  • Średni wynik to 8 z 12
Answers on the Grid
Answers color-coded by a green-red scale on the quiz's grid according to % correct below.
Atlanta Hawks
Boston Celtics
Brooklyn Nets
Charlotte Hornets
Chicago Bulls
Cleveland Cavaliers
Dallas Mavericks
Denver Nuggets
Detroit Pistons
Golden State Warriors
Houston Rockets
Indiana Pacers
Los Angeles Clippers
Los Angeles Lakers
Memphis Grizzlies
Miami Heat
Milwaukee Bucks
Minnesota Timberwolves
New Orleans Pelicans
New York Knicks
Oklahoma City Thunder
Orlando Magic
Philadelphia 76ers
Phoenix Suns
Portland Trail Blazers
Sacramento Kings
San Antonio Spurs
Toronto Raptors
Utah Jazz
Washington Wizards
 
Statystyki odpowiedzi
Odpowiedź % Poprawnych
2008, 2024 Boston Celtics
92%
2000, 2001, 2002, 2009, 2010, 2020 Los Angeles Lakers
79%
2006, 2012, 2013 Miami Heat
73%
2015, 2017, 2018, 2022 Golden State Warriors
72%
2016 Cleveland Cavaliers
71%
2023 Denver Nuggets
69%
2003, 2005, 2007, 2014 San Antonio Spurs
68%
2011 Dallas Mavericks
64%
2021 Milwaukee Bucks
61%
2025 Oklahoma City Thunder
61%
2019 Toronto Raptors
60%
2004 Detroit Pistons
54%
Nie znaleziono quizów pasujących do podanych kryteriów
Rozkład punktacji
Procent ludzi z każdym wynikiem
Percentyl według liczby udzielonych odpowiedzi
Twoja historia wyników
Nie rozwiązałeś tego quizu